000 01712nam a2200373 c 4500
003 BLK
005 20230215175033.0
008 180408b bul|||||r ||||||| ||bul||
010 _aKNG00080155000
020 _a978-954-07-2623-6
_bиздат.: Унив. изд. Св. Климент Охридски - на том(т. 1)
040 _aBLK
041 _aBUL
_cBUL
080 _aЛитература на отделни езици и езикови семейства
_b821
_x(092)(031)
_z821(092)(031)
080 _aЛитература на отделни езици и езикови семейства
_b821
_x-93-8
_z821-93-8
080 _aБиографии
_b929
_x(100)
_z929(100)
700 1 _aДимитрова, Малинка Димитрова
_eсъстав.
_9297572
139 _aСветовна литература за деца и юноши
_bС 25
245 1 0 _aСветовна литература за деца и юноши
_bТ. 1 -
_cсъстав. Малинка Димитрова Димитрова.
_nТ. 1
257 _aBGR
260 София
_c2007 -
300 _c24 см
380 _aDN
500 _aОфс. изд.
504 _a393-396
650 4 _aПисатели - биографии
_9277854
653 _aдетски писатели
653 _aбиографии
760 1 _3- на том(т. 1)
_dУнив. изд. Св. Климент Охридски, 2007
_h399 с. : със сн.
_nСъдържа и Биографични сведения за авт. - Библиогр. с. 393-396.
_tТ. 1
852 _aЦб 237475
856 4 _qpdf
_u
856 4 _qpdf
_u
942 _cKNG
_n0
_04
944 _aCR
_c14.12.2007
_kГеновева_Генчева
944 _aED
_c06.03.2009
_k
999 _c75735
_d75735